Guess the One Direction song with no hints #8 - Statistics

General Stats
  • This quiz has been taken 2,438 times
  • The average score is 212 of 345
Answer Stats
Answer % Correct
I
99%
the
90%
me
86%
love
84%
love,
84%
we
84%
do
83%
when
82%
on
81%
to
79%
and
78%
in
78%
no
78%
your
78%
She
77%
she
77%
it
76%
who
76%
go
74%
go,
74%
her
72%
of
72%
oh
72%
Oh
72%
so
72%
So
72%
That
70%
that
70%
all
69%
can
69%
not
68%
I'm
67%
One,
67%
one
67%
don't
66%
"Don't
66%
my
66%
What
66%
kiss
64%
know
64%
night,
63%
want
63%
way
63%
at
62%
fa
61%
three,
61%
two,
61%
But
60%
How
60%
how
60%
say
59%
She's
59%
she's
59%
yeah
59%
if
58%
afraid
57%
dark
57%
falling
56%
tell
56%
just
55%
Let
55%
let
55%
can't
54%
it's
54%
time
54%
four,
52%
get
52%
likes
52%
see
52%
every
51%
heart"
51%
movies
51%
only
51%
scary
51%
with
51%
up
50%
attention
49%
feel
49%
more
49%
come
48%
running
48%
wild
48%
out
47%
have
46%
middle
46%
take
46%
Take
46%
Wanna
45%
things
44%
door
43%
from
43%
home,
42%
home
42%
about
41%
break
40%
dress
38%
away
37%
closes
37%
gonna
37%
real
37%
room
37%
back
36%
feeling
36%
hard
36%
Maybe
36%
maybe
36%
much
36%
told
36%
anyone
35%
friends
35%
top
35%
walks
35%
he'll
34%
letting
34%
lights
34%
says
34%
Tight
34%
addicted
33%
gets
33%
test
33%
low
32%
sneaks
32%
'Cause
31%
cut
31%
phone
31%
work
31%
worth
31%
closer
30%
late
30%
Talking
30%
Or
28%
Bridge
27%
Chorus
27%
really
27%
tryna
24%
either
22%
teasing
10%
No matching quizzes found
Score Distribution
Percent of People with Each Score
Percentile by Number Answered
Your Score History
You have not taken this quiz